Statistics for Mystery Movie Monologue #3

Click here to take the quiz!

General Stats

  • This quiz has been taken 247 times
  • The average score is 101 of 249

Answer Stats

Answer% Correct
I
99%
a
97%
the
94%
The
94%
ya.
88%
ya,
88%
you
88%
You
88%
an
80%
do
80%
he
80%
he's
80%
When
79%
to
78%
is
75%
we
75%
It
74%
What
73%
in
68%
be
67%
no
67%
that
66%
then...
66%
then
66%
go
65%
And
64%
and
64%
hear
62%
so
62%
know
60%
know,
60%
they
60%
They
60%
can
57%
for
57%
how
57%
men.
56%
men,
56%
of
52%
there
51%
your
51%
was
50%
don't
48%
man,
47%
man
47%
at
45%
see
42%
but
41%
were,
40%
all
39%
us
39%
by,
38%
by
38%
wouldn't
37%
didn't
36%
Didn't
36%
from
35%
end
33%
had
33%
tell
32%
come
31%
like
30%
Like
30%
thing
30%
our
29%
doesn't
28%
got
24%
about
23%
over
22%
many
21%
Right
20%
right
20%
those
20%
even
18%
first
18%
been
17%
into
16%
light,
16%
eyes.
14%
eyes
14%
looks
14%
black
13%
Black
13%
comes
13%
old
13%
Very
13%
away...
11%
away.
11%
hour.
11%
lookin'
11%
red,
11%
week.
11%
white
11%
list
10%
'til
10%
seem
9%
water,
9%
ya,
9%
ah,
8%
maybe
8%
sometimes
8%
Sometimes
8%
half-
7%
high-
7%
idea
7%
lost
7%
ocean
7%
roll
7%
turns
7%
Battle
6%
dawn,
6%
doll's
6%
hundred
6%
livin'...
6%
ourselves
6%
pitched
6%
screamin'.
6%
sent.
6%
shark
6%
sharks
6%
sorta
6%
starts
6%
terrible
6%
averaged
5%
bites
5%
bomb
5%
calendars,
5%
calendars
5%
Chief,
5%
Chief?
5%
cruisin'
5%
despite
5%
distress
5%
dorsal
5%
footer.
5%
formed
5%
groups.
5%
hollerin'
5%
infantry
5%
lifeless
5%
mission
5%
nearest
5%
overdue
5%
pieces.
5%
poundin'
5%
rip
5%
secret,
5%
signal
5%
six
5%
squares
5%
tail.
5%
Thirteen-
5%
thousand.
5%
Tiger.
5%
tight
5%
Waterloo
5%

Score Distribution

Percentile by Number Answered

Percent of People with Each Score

Your Score History

You have not taken this quiz